Ярославская книга - 2002 (Запись № 1388491)

Подробности
000 -МАРКЕР
контрольное поле 01729nam0a2200301 4500
001 - ИДЕНТИФИКАТОР ЗАПИСИ
контрольное поле RU\NLR\bibl\1738237
005 - ИДЕНТИФИКАТОР ВЕРСИИ
контрольное поле 20260531052619.0
035 ## - ДРУГИЕ СИСТЕМНЫЕ НОМЕРА
Идентификатор записи (NLR Aleph) 001729164
100 ## - ДАННЫЕ ОБЩЕЙ ОБРАБОТКИ
Данные общей обработки 20110218d2003 |||y0rusy50 ca
101 0# - ЯЗЫК РЕСУРСА
Язык текста, звукозаписи и т.д. русский
102 ## - СТРАНА ПУБЛИКАЦИИ ИЛИ ПРОИЗВОДСТВА
Страна публикации Российская Федерация
105 ## - ПОЛЕ КОДИРОВАННЫХ ДАННЫХ: ТЕКСТОВЫЕ МАТЕРИАЛЫ, МОНОГРАФИЧЕСКИЕ
Кодированные данные о монографическом текстовом документе y |||||||||
200 1# - ЗАГЛАВИЕ И СВЕДЕНИЯ ОБ ОТВЕТСТВЕННОСТИ
Основное заглавие Ярославская книга - 2002
Сведения, относящиеся к заглавию каталог книг местной печати
Первые сведения об ответственности Ярослав. обл. универс. науч. б-ка им. Н.А. Некрасова, Отд. краеведения
Последующие сведения об ответственности [сост.: М.В. Бекке, Н.Н. Макарова
-- редкол.: ... Н.Н. Макарова (отв. ред.), Т.В. Садунова]
210 ## - ПУБЛИКАЦИЯ, РАСПРОСТРАНЕНИЕ И ДР.
Место издания, распространения и т.д. Ярославль
Имя издателя, распространителя и т. д. Ярославская областная универсальная научная библиотека
Дата издания, распространения и т.д. 2003
215 ## - ФИЗИЧЕСКАЯ ХАРАКТЕРИСТИКА
Специфическое обозначение материала и объем 84 с.
Размеры 21
320 ## - ПРИМЕЧАНИЯ О НАЛИЧИИ В ДОКУМЕНТЕ БИБЛИОГРАФИИ / УКАЗАТЕЛЯ
Текст примечания Указатели авт. и загл., изд-в, персоналий, геогр.: с. 63-82
606 1# - НАИМЕНОВАНИЕ ТЕМЫ КАК ПРЕДМЕТ
Наименование темы Книги
Формальный подзаголовок Библиография
Географический подзаголовок Ярославская область
Системный номер авторитетной/нормативной записи 2262829
Идентификатор авторитетной/нормативной записи RU\NLR\auth\661356652
686 ## - ИНДЕКСЫ ДРУГИХ КЛАССИФИКАЦИЙ
Индекс Я12(2Р-4Яр)2
702 #1 - ИМЯ ЛИЦА - ВТОРИЧНАЯ ОТВЕТСТВЕННОСТЬ
Начальный элемент ввода Бекке
Часть имени, кроме начального элемента ввода М. В.
Расширение инициалов личного имени Маргарита Владиславовна
Код отношения Составитель
702 #1 - ИМЯ ЛИЦА - ВТОРИЧНАЯ ОТВЕТСТВЕННОСТЬ
Код отношения Редактор
Материалы, к которым относится поле rus
Графика поля Кириллица
Начальный элемент ввода Макарова
Часть имени, кроме начального элемента ввода Н. Н.
Дополнения к именам, кроме дат библиотекарь
Расширение инициалов личного имени Надежда Николаевна
Идентификатор авторитетной/нормативной записи RU\NLR\auth\7724163
Системный номер авторитетной/нормативной записи 7214
712 02 - НАИМЕНОВАНИЕ ОРГАНИЗАЦИИ - ВТОРИЧНАЯ ОТВЕТСТВЕННОСТЬ
Код отношения Прочие
Начальный элемент ввода Ярославская областная универсальная научная библиотека им. Н. А. Некрасова
Структурное подразделение Отдел краеведения
Идентификатор авторитетной/нормативной записи RU\NLR\AUTH\8810130759
Системный номер авторитетной/нормативной записи 758256
801 #0 - ИСТОЧНИК ЗАПИСИ
Страна Российская Федерация
Организация NLR
Дата составления 20110218
Правила каталогизации RCR
801 #1 - ИСТОЧНИК ЗАПИСИ
Страна Российская Федерация
Организация NLR
Дата составления 20110218
830 ## - ОБЩЕЕ ПРИМЕЧАНИЕ, СОСТАВЛЕННОЕ КАТАЛОГИЗАТОРОМ
Текст примечания по эк
942 ## - ДОПОЛНИТЕЛЬНЫЕ ЭЛЕМЕНТЫ ЗАПИСИ (АБИС)
Тип экземпляра АБИС Книга
980 ## - КОЛЛЕКЦИЯ
Название коллекции Национальная библиография
Экземпляры
Тип экземпляра Дата поступления Источник поступления Библиотека постоянного хранения Библиотека текущего хранения Место хранения Шифр хранения Штрих-код Статус экземпляра
Книга 18.02.2011 Дар РНБ (Московский) РНБ (Московский) Центральная справочная библиотека С 2002-2/309 1-1815825